banner-ar

صفحات مطوبة: من تاريخ الحركة الاستقلالية فى مصر من مارس 1907 الى مارس 1909 / (Record no. 42567)

MARC details
000 -الفاتح
حقل البيانات ثابتة الطول 00632nam a2200181Ia 4500
008 - عناصر البيانات ثابتة الطول - معلومات عامة
حقل البيانات ثابتة الطول 140319s9999 xx 000 0 ara d
040 ## - مصدر الفهرسة
وكالة الفهرسة الأصلية GCL /
وكالة النسخ GCL
082 04 - رقم تصنيف ديوى العشرى
رقم التصنيف ق
رقم المادة 810.8
-- ا ص
100 1# - المدخل الرئيسى - إسم شخصى
الإسم الشخصى احمد لطفى السيد
245 10 - بيان العنوان
العنوان صفحات مطوبة: من تاريخ الحركة الاستقلالية فى مصر من مارس 1907 الى مارس 1909 /
بيان المسئوليه,etc احمد لطفى السيد
300 ## - الوصف المادى
التعداد 280 ص
490 ## - بيان السلسلة
عنوان السلسلة كتاب
رقم المجلد/ التعيين التسلسلي 0
650 04 - المدخل الاضافى بالموضوع-مصطلح موضوعى
مصطلح موضوعي دستور 1923
650 04 - المدخل الاضافى بالموضوع-مصطلح موضوعى
مصطلح موضوعي الادب السياسى
650 04 - المدخل الاضافى بالموضوع-مصطلح موضوعى
مصطلح موضوعي مصر - تاريخ - العصر الحديث (1805 - 1956 )
942 ## - عناصر المدخل الإضافي( كوها)
مصدر التصنيف او مخطط الترفيف Dewey Decimal Classification
Koha [default] item type كتاب
Holdings
حالة التراجع حالة الفقد حالة تلف ليس للاعارة المكان المؤقت الموقع الحالى تاريخ الاكتساب اجمالي اﻻعارات رقم الطلب الباركود تاريخ اخر مشاهدة تاريخ تفعيل السعر نوع وعاء كوها
        مكتبة القاهرة الكبرى مكتبة القاهرة الكبرى 03/26/2014   ق\810.8\ا ص 102878 03/26/2014 03/26/2014 كتاب
        مكتبة القاهرة الكبرى مكتبة القاهرة الكبرى 03/26/2014   ق\810.8\ا ص 102879 03/26/2014 03/26/2014 كتاب

Powered By

EGPV